Statistics for Norwegian national football team most capped players

Click here to take the quiz!

General Stats

  • This quiz has been taken 22 times
  • The average score is 11 of 27

Answer Stats

HintAnswer% Correct
110John Arne Riise
100%
67Ole Gunnar Solskjær
76%
97Erik Thorstvedt
71%
100Henning Berg
71%
91John carew
71%
76Tore Andre Flo
71%
91Brede Hangeland
65%
83Kjetil Rekdal
65%
62Ronny Johnsen
53%
60Rune Bratseth
53%
79Steffen Iversen
53%
83Morten Gamst Pedersen
47%
78Erik Mykland
41%
72Rune Jarstein
41%
75Stig Inge Bjørnebye
41%
86Øyvind Leonhardsen
35%
64Gunnar Halle
29%
62Olav Nilsen
29%
71Jan Åge Fjørtoft
24%
65Jahn Ivar Mini Jakobsen
18%
61Roar Johansen
18%
104Thorbjørn Svenssen
18%
64Gunnar Thoresen
12%
60Tarik Elyounoussi
12%
63Andre Bergdølmo
6%
77Svein Grøndalen
0%
66Terje Kojedal
0%

Score Distribution

Percentile by Number Answered

Percent of People with Each Score

Your Score History

You have not taken this quiz